000
00288nam a2200097Ia 4500
005
20251222114411.0
008
251222s1900||||xx |||||||||||||| ||spa||
082
_a
DVD0195/U61E/2001
245
0
_a
Seminario "El SeƱor de los Milagros en la identidad peruana: Cultura, fe y vida":
942
_c
DVD
999
_c
2024
_d
2024